[Event "WYCC 2018 O16"]
[Site "Halkidiki"]
[Date "2018.10.22"]
[Round "4"]
[White "Kosakowski, Jakub"]
[Black "Wang, Yanbin"]
[Result "1-0"]
[WhiteElo "2413"]
[BlackElo "2220"]
[Annotator "TA"]
[PlyCount "61"]
[EventDate "2018.10.20"]
[EventType "swiss"]
[EventCountry "GRE"]
[SourceTitle "playchess.com"]
[Source "ChessBase"]
[SourceQuality "1"]

{[%evp 19,61,10,41,23,38,13,33,31,22,26,55,62,62,55,54,63,67,75,79,77,75,43,35,59,75,36,46,44,18,45,81,90,692,667,29988,29989,29989,29990,29990,29991,29992,29993,29993,29994]} 1. e4 c5 2. Nf3 e6 3. d4 cxd4 4. Nxd4 a6 5. Bd3 Nf6 6. O-O d6 7. f4 Nc6 8. Nxc6 bxc6 9. Nc3 Be7 10. Kh1 {B46: Sicilian: Taimanov: 5 Nc3 a6} e5 {LiveBook: 8 Games} (10... Bb7 11. e5 Nd5 12. Ne4 c5 13. exd6 Bxd6 14. f5 Nf6 15. Bg5 e5 16. Bxf6 gxf6 17. Qf3 Ke7 {0-1 (71) Adams,M (2716)-Polgar,J (2677) Frankfurt 1999}) 11. Qf3 O-O 12. Bd2 {White is slightly better.} Qc7 13. fxe5 $146 ({Predecessor:} 13. f5 h6 14. h4 Nh7 15. Qg4 Kh8 16. Rf3 Qd8 {0-1 (35) Kotz,H (2291)-Hellmayr,A (2252) Austria 2017}) 13... dxe5 14. Nd1 {[%cal Bc3d1,Bd1e3,Be3f5,Bf5h6][%mdl 32]} Bg4 15. Qg3 {Rxf6! is the strong threat.} Be6 16. Bc3 Nd7 17. Ne3 Rfe8 18. Nf5 {[%csl Gf5][%cal Rg3g7]} Bf6 19. Nh6+ Kh8 20. Rf3 Qd8 ({Don't play} 20... gxh6 $6 21. Rxf6 $1 {[%mdl 512]} Rg8 22. Qh4 $18) 21. Nf5 c5 22. Raf1 c4 23. Be2 Nc5 24. Re3 Qb8 {[#]} 25. Nh6 $1 Na4 $2 {[%mdl 8192] [#]} (25... Qd8 $16) 26. Rxf6 $1 $18 {[%mdl 512]} gxf6 27. Qh4 {[%cal Rh4f6] White mates.} Qd8 {[#]} 28. Ba5 $1 {[%mdl 512]} Qe7 {[#]} (28... Qxa5 29. Qxf6#) 29. Bb4 $1 {[%mdl 512]} Qd8 {[#]} (29... Qxb4 30. Qxf6#) 30. Rh3 $1 {[%mdl 512]} Bxh3 31. Nxf7+ {Precision: White = 81%, Black = 38%.} 1-0

[Event "WYCC 2018 O16"]
[Site "Halkidiki"]
[Date "2018.10.22"]
[Round "4"]
[White "Kaasen, Tor Fredrik"]
[Black "Zarubitski, Viachaslau"]
[Result "1-0"]
[WhiteElo "2388"]
[BlackElo "2417"]
[Annotator "NA"]
[PlyCount "103"]
[EventDate "2018.10.20"]
[EventType "swiss"]
[EventCountry "GRE"]
[SourceTitle "playchess.com"]
[Source "ChessBase"]
[SourceQuality "1"]
[TimeControl "40/5400+30:1800+30"]

1. d4 {[%emt 0:00:00]} Nf6 {[%emt 0:00:00]} 2. c4 {[%emt 0:00:00]} c6 {[%emt 0:00:00]} 3. Nf3 {[%emt 0:00:16]} d5 {[%emt 0:00:00]} 4. g3 {[%emt 0:00:09]} dxc4 {[%emt 0:00:08]} 5. Bg2 {[%emt 0:00:23]} b5 {[%emt 0:00:10]} 6. O-O {[%emt 0:00:42] D11: Slav Defence: 3 Nf3 sidelines and 3...Nf6 4 e3 Bg4} Bb7 {[%emt 0:00:33]} (6... e6 7. a4 Bb7 8. Ne5 a6 9. b3 cxb3 10. Qxb3 Be7 11. Nc3 b4 12. Rd1 a5 13. Bg5 O-O 14. Bxf6 gxf6 {1-0 (37) Mchedlishvili,M (2603)-Eljanov,P (2711) Riadh 2017}) 7. b3 {[%emt 0:00:38]} cxb3 {[%emt 0:00:15]} 8. axb3 {[%emt 0:00:20]} e6 {[%emt 0:00:36]} 9. Nc3 {[%emt 0:00:16]} Qb6 {[%emt 0:03:28]} 10. Ne5 {[%emt 0:04:58]} a5 {[%emt 0:05:33]} 11. e4 $146 {[%emt 0:07:40]} ({Predecessor:} 11. Qd3 Be7 12. Ne4 O-O 13. Ng5 Qd8 14. Bh3 Bc8 15. Bg2 Bb7 16. Bh3 Bc8 {½-½ (16) Stalmach,K (2564)-Neto,H (2584) ICCF email 2016}) 11... Bb4 {[%emt 0:02:02]} 12. Qd3 {[%emt 0:02:40]} O-O {[%emt 0:02:51]} 13. Be3 {[%emt 0:09:11]} Rd8 {[%emt 0:05:25]} 14. Rac1 {[%emt 0:02:11]} ({Better is} 14. Nxf7 $1 $14 Kxf7 15. e5) 14... Na6 {[%emt 0:06:38]} 15. Rfd1 {[%emt 0:07:19]} Ba3 {[%emt 0:07:03]} 16. Ra1 {[%emt 0:05:01]} Be7 {[%emt 0:05:50]} 17. Qe2 {[%emt 0:03:55]} Nb4 {[%emt 0:13:21]} (17... Bb4 $11 18. Rdc1 c5 19. Qxb5 Qxb5 20. Nxb5 Nxe4) 18. Rac1 {[%emt 0:03:07]} Rac8 {[%emt 0:05:28]} 19. d5 {[%emt 0:09:48]} c5 {[%emt 0:00:41]} 20. Bh3 {[%emt 0:01:18]} Ba6 {[%emt 0:19:00] [#]} 21. Nxf7 $1 {[%emt 0:03:10]} Kxf7 {[%emt 0:00:15]} 22. Bxe6+ {[%emt 0:00:07]} Ke8 {[%emt 0:02:56]} 23. Bg5 {[%emt 0:03:18]} Nc6 $2 {[%emt 0:10:11]} (23... Nbxd5 24. exd5 b4) 24. Bxc8 {[%emt 0:11:25]} Rxc8 $18 {[%emt 0:00:40]} 25. dxc6 {[%emt 0:00:08]} b4 {[%emt 0:00:13]} 26. Na4 {[%emt 0:00:19]} Qxc6 {[%emt 0:02:32]} 27. Qe3 {[%emt 0:00:47]} c4 {[%emt 0:01:57]} 28. Bxf6 {[%emt 0:06:22]} gxf6 {[%emt 0:01:13]} 29. Rd5 {[%emt 0:00:31]} c3 {[%emt 0:00:54]} 30. Qh6 {[%emt 0:03:16]} Bb7 {[%emt 0:01:27]} 31. Qh5+ {[%emt 0:04:49]} Kf8 {[%emt 0:00:03]} 32. Qxh7 {[%emt 0:00:16]} Qe6 {[%emt 0:00:27]} 33. Qh8+ {[%emt 0:01:31]} Kf7 {[%emt 0:00:12]} 34. Qh7+ {[%emt 0:00:56]} Kf8 {[%emt 0:00:09]} 35. Nc5 {[%emt 0:02:04]} Rxc5 {[%emt 0:01:54]} 36. Rxc5 {[%emt 0:00:03]} Bxe4 {[%emt 0:02:29]} 37. Qh8+ {[%emt 0:00:35]} Kf7 {[%emt 0:00:05]} 38. Rc8 {[%emt 0:00:04]} f5 {[%emt 0:01:19]} 39. Rg8 {[%emt 0:02:05]} Qd5 {[%emt 0:00:45]} 40. Qg7+ {[%emt 0:00:00]} Ke6 {[%emt 0:00:00]} 41. Qg6+ {[%emt 0:06:35]} Bf6 {[%emt 0:12:18]} 42. Rf8 {[%emt 0:01:44]} Qd4 {[%emt 0:01:01]} 43. Qf7+ {[%emt 0:00:22]} Kd6 {[%emt 0:00:15]} 44. Qxf6+ {[%emt 0:01:12]} Qxf6 {[%emt 0:00:08]} 45. Rxf6+ {[%emt 0:00:03]} Kc5 {[%emt 0:00:07]} 46. f3 {[%emt 0:01:33]} a4 {[%emt 0:01:14]} 47. fxe4 {[%emt 0:02:32]} axb3 {[%emt 0:00:01]} 48. Rxf5+ {[%emt 0:00:18]} Kd4 {[%emt 0:01:50]} 49. Rf2 {[%emt 0:00:13]} Kxe4 {[%emt 0:01:07]} 50. Rb1 {[%emt 0:01:53]} c2 {[%emt 0:00:07]} 51. Rc1 {[%emt 0:00:04]} Kd3 {[%emt 0:00:21]} 52. h4 {[%emt 0:00:30]} 1-0

[Event "WYCC 2018 O16"]
[Site "Halkidiki"]
[Date "2018.10.22"]
[Round "4"]
[White "Ibrahimli, Murad"]
[Black "Faerber, David"]
[Result "1-0"]
[WhiteElo "2379"]
[BlackElo "2279"]
[Annotator "NA"]
[PlyCount "105"]
[EventDate "2018.10.20"]
[EventType "swiss"]
[EventCountry "GRE"]
[SourceTitle "playchess.com"]
[Source "ChessBase"]
[SourceQuality "1"]
[TimeControl "40/5400+30:1800+30"]

1. d4 {[%emt 0:00:00]} d5 {[%emt 0:00:00]} 2. Nf3 {[%emt 0:00:00]} e6 {[%emt 0:00:09]} 3. c4 {[%emt 0:00:00]} a6 {[%emt 0:00:08]} 4. Qc2 {[%emt 0:06:50]} dxc4 {[%emt 0:05:36]} 5. Qxc4 {[%emt 0:00:06]} Nf6 {[%emt 0:02:35]} 6. g3 {[%emt 0:00:16]} b5 {[%emt 0:01:31]} 7. Qc2 {[%emt 0:00:09]} Bb7 {[%emt 0:01:24]} 8. Bg2 {[%emt 0:00:06]} Be7 {[%emt 0:05:40]} 9. O-O {[%emt 0:00:08]} O-O {[%emt 0:00:13]} 10. Bd2 {[%emt 0:01:02]} Be4 {[%emt 0:02:05]} 11. Qc1 {[%emt 0:00:06]} c6 {[%emt 0:01:47]} 12. Be3 {[%emt 0:13:20]} Nbd7 $11 {[%emt 0:10:40] LiveBook: 22 Games} 13. Nc3 {[%emt 0:06:49]} Bg6 {[%emt 0:08:15]} 14. Bg5 {[%emt 0:08:30]} Rc8 {[%emt 0:09:47]} 15. Rd1 {[%emt 0:03:01]} Nd5 {[%emt 0:06:50]} 16. Bxe7 {[%emt 0:03:28]} Qxe7 {[%emt 0:00:19]} 17. Qd2 {[%emt 0:01:38]} Nxc3 {[%emt 0:06:53]} 18. Qxc3 {[%emt 0:00:37]} c5 {[%emt 0:03:29]} 19. Qa3 {[%emt 0:01:34]} Nb8 {[%emt 0:06:01]} 20. Rac1 {[%emt 0:09:38]} b4 {[%emt 0:00:46]} 21. Qa5 {[%emt 0:00:25]} cxd4 {[%emt 0:02:26]} 22. Nxd4 {[%emt 0:00:17]} h6 {[%emt 0:05:56]} 23. Nc6 {[%emt 0:07:36]} Nxc6 {[%emt 0:00:51]} 24. Rxc6 {[%emt 0:00:10]} Rcd8 {[%emt 0:02:08]} 25. Rcc1 {[%emt 0:04:46]} Rd6 {[%emt 0:03:31]} 26. Bf3 {[%emt 0:03:55]} Rfd8 {[%emt 0:02:20]} 27. Rxd6 {[%emt 0:01:44]} Rxd6 {[%emt 0:02:08]} 28. h4 {[%emt 0:05:37]} e5 {[%emt 0:03:40]} 29. Bd5 {[%emt 0:14:21]} e4 {[%emt 0:02:14]} 30. Qxb4 {[%emt 0:01:39]} e3 {[%emt 0:01:14]} 31. Rc6 {[%emt 0:00:53]} exf2+ {[%emt 0:01:07]} 32. Kf1 {[%emt 0:00:08]} Bh5 {[%emt 0:02:08]} 33. Rc8+ {[%emt 0:01:06]} Kh7 {[%emt 0:00:12]} 34. Qe4+ {[%emt 0:00:03]} Qxe4 {[%emt 0:00:22]} 35. Bxe4+ {[%emt 0:00:01]} g6 {[%emt 0:00:50]} 36. Kxf2 {[%emt 0:00:06]} Rd4 {[%emt 0:01:22]} 37. Bd3 {[%emt 0:00:15]} Rd5 {[%emt 0:01:20]} 38. Rc7 {[%emt 0:00:49]} Kg7 {[%emt 0:00:27]} 39. Rxf7+ {[%emt 0:00:16]} Kxf7 {[%emt 0:00:24]} 40. Bc4 {[%emt 0:00:00]} Ke6 {[%emt 0:00:00]} 41. e4 {[%emt 0:00:03]} Ke5 {[%emt 0:00:24]} 42. exd5 {[%emt 0:00:07]} g5 {[%emt 0:00:19]} 43. hxg5 {[%emt 0:00:05]} hxg5 {[%emt 0:00:03]} 44. Bxa6 {[%emt 0:00:06]} Kxd5 {[%emt 0:00:04]} 45. Ke3 {[%emt 0:00:08]} Bg6 {[%emt 0:00:17]} 46. b4 {[%emt 0:00:06]} Bc2 {[%emt 0:00:12]} 47. Bb5 {[%emt 0:00:06]} Kd6 {[%emt 0:00:55]} 48. a4 {[%emt 0:00:05]} Kc7 {[%emt 0:00:05]} 49. a5 {[%emt 0:00:02]} Kb7 {[%emt 0:00:10]} 50. Bd3 {[%emt 0:00:07]} Bb3 {[%emt 0:00:05]} 51. b5 {[%emt 0:00:04]} Ba4 {[%emt 0:00:19]} 52. Kd4 {[%emt 0:00:06]} Bb3 {[%emt 0:00:04]} 53. Kc5 {[%emt 0:00:04]} 1-0

[Event "WYCC 2018 O16"]
[Site "Halkidiki"]
[Date "2018.10.22"]
[Round "4"]
[White "Lianes Garcia, Marcos"]
[Black "De Waele, Warre"]
[Result "1/2-1/2"]
[WhiteElo "2376"]
[BlackElo "2272"]
[Annotator "NA"]
[PlyCount "83"]
[EventDate "2018.10.20"]
[EventType "swiss"]
[EventCountry "GRE"]
[SourceTitle "playchess.com"]
[Source "ChessBase"]
[SourceQuality "1"]
[TimeControl "40/5400+30:1800+30"]

1. e4 {[%emt 0:00:00]} c5 {[%emt 0:00:00]} 2. g3 {[%emt 0:05:32]} d5 {[%emt 0:00:51]} 3. exd5 {[%emt 0:00:22]} Qxd5 {[%emt 0:00:06]} 4. Nf3 {[%emt 0:00:17]} Bg4 {[%emt 0:00:06]} 5. Bg2 {[%emt 0:00:35]} Qe6+ {[%emt 0:00:06]} 6. Kf1 {[%emt 0:00:38]} Nc6 {[%emt 0:00:12]} 7. h3 {[%emt 0:00:43]} Bh5 {[%emt 0:00:06]} 8. d3 {[%emt 0:01:42]} Qd7 {[%emt 0:03:29]} 9. Na3 {[%emt 0:01:44]} e6 {[%emt 0:11:27] LiveBook: 16 Games} 10. Nc4 {[%emt 0:05:13] B20: Sicilian: Unusual White 2nd moves} Nf6 {[%emt 0:00:25]} 11. g4 {[%emt 0:00:45]} Bg6 {[%emt 0:00:05]} 12. Nfe5 {[%emt 0:02:01]} Nxe5 {[%emt 0:00:07]} 13. Nxe5 {[%emt 0:00:03]} Qc7 {[%emt 0:12:06]} 14. Bf4 {[%emt 0:02:53]} Bd6 {[%emt 0:00:09]} 15. Nxg6 {[%emt 0:00:58]} hxg6 {[%emt 0:00:05]} 16. Bxd6 {[%emt 0:01:46]} Qxd6 {[%emt 0:00:06]} 17. Bxb7 {[%emt 0:06:52]} Rb8 {[%emt 0:03:10] [#]} 18. Qf3 $146 {[%emt 0:11:46]} O-O {[%emt 0:06:17]} 19. b3 Nd7 20. Re1 {[%emt 0:17:39]} Qc7 {[%emt 0:01:58] [#]} 21. Ba6 $1 {[%emt 0:01:36]} Qa5 {[%emt 0:05:25]} 22. Bc4 {[%emt 0:03:24]} Qxa2 {[%emt 0:00:21]} 23. h4 {[%emt 0:04:20]} Nb6 {[%emt 0:06:13]} 24. Re2 {[%emt 0:11:14]} Nxc4 {[%emt 0:14:41]} 25. dxc4 {[%emt 0:00:05]} Rfd8 {[%emt 0:00:11]} 26. Kg2 {[%emt 0:00:39]} Qb2 {[%emt 0:00:57]} 27. h5 {[%emt 0:01:24]} gxh5 {[%emt 0:02:20]} 28. Rxh5 {[%emt 0:05:06]} Qd4 {[%emt 0:03:55]} 29. Re4 $18 {[%emt 0:01:24]} Qb2 {[%emt 0:01:11]} 30. Re2 {[%emt 0:00:22]} Qd4 {[%emt 0:00:35]} 31. Re4 {[%emt 0:00:58]} Qb2 {[%emt 0:00:41]} 32. Rxc5 {[%emt 0:03:03]} Qxc2 {[%emt 0:00:46]} 33. Rc7 {[%emt 0:00:04]} Rf8 {[%emt 0:00:12]} 34. Re3 {[%emt 0:00:36]} a5 {[%emt 0:01:18]} 35. Ra7 {[%emt 0:01:10]} Qd2 {[%emt 0:01:50]} 36. Rd3 {[%emt 0:01:14]} Qb4 {[%emt 0:00:48]} 37. Qe4 {[%emt 0:06:13]} Qc5 {[%emt 0:02:05]} 38. Rh3 {[%emt 0:01:44]} g6 {[%emt 0:00:02]} 39. Rd7 {[%emt 0:02:44]} Rbd8 {[%emt 0:03:12]} 40. Rxd8 {[%emt 0:00:00]} Rxd8 {[%emt 0:00:00]} 41. Qf4 {[%emt 0:02:52]} Qd4 {[%emt 0:01:47]} 42. Qf3 {[%emt 0:14:40]} 1/2-1/2

[Event "WYCC 2018 O16"]
[Site "Halkidiki"]
[Date "2018.10.22"]
[Round "4"]
[White "Abdisalimov, Abdimalik"]
[Black "Esipenko, Andrey"]
[Result "1/2-1/2"]
[WhiteElo "2368"]
[BlackElo "2609"]
[Annotator "TA"]
[PlyCount "39"]
[EventDate "2018.10.20"]
[EventType "swiss"]
[EventCountry "GRE"]
[SourceTitle "playchess.com"]
[Source "ChessBase"]
[SourceQuality "1"]

{[%evp 19,39,40,36,0,18,18,14,18,22,20,41,34,41,41,41,32,39,24,20,19,51,32]} 1. c4 Nf6 2. g3 e6 3. Bg2 d5 4. Nf3 Be7 5. O-O O-O 6. d4 dxc4 7. Ne5 Nc6 8. Bxc6 bxc6 9. Nxc6 Qe8 10. Nxe7+ Qxe7 11. Nc3 {E05: Open Catalan: 5 Nf3 Be7} (11. Qc2 c5 12. Qxc4 cxd4 13. Qxd4 e5 14. Qh4 h6 15. Nc3 Bb7 16. Be3 Qe6 17. Qa4 Bc6 18. Qa6 Rfc8 19. f3 Rab8 20. Rab1 Nd5 21. Nxd5 Bxd5 22. Qxe6 Bxe6 {½-½ (30) Wang,Y (2679)-Wang,H (2710) Hangzhou 2018}) 11... c5 12. dxc5 Qxc5 13. Be3 {The position is equal.} Qh5 14. f3 e5 15. Qd6 Be6 $146 ({Predecessor:} 15... Bh3 16. Rfd1 Be6 17. Rd2 h6 18. Rad1 a6 {½-½ (78) Yakubboev,N (2521)-Gokerkan,C (2416) Manavgat 2018}) 16. Rad1 e4 17. Qc5 {Hoping for Qxh5.} Qg6 18. Qg5 exf3 19. exf3 Rfb8 20. Rf2 {Precision: White = 57%, Black = 42%.} 1/2-1/2

[Event "WYCC 2018 O16"]
[Site "Halkidiki"]
[Date "2018.10.22"]
[Round "4"]
[White "Stoleriu, George"]
[Black "Kovacsy, Barnabas"]
[Result "1-0"]
[WhiteElo "2362"]
[BlackElo "2104"]
[Annotator "NA"]
[PlyCount "61"]
[EventDate "2018.10.20"]
[EventType "swiss"]
[EventCountry "GRE"]
[SourceTitle "playchess.com"]
[Source "ChessBase"]
[SourceQuality "1"]
[TimeControl "40/5400+30:1800+30"]

1. e4 {[%emt 0:00:00]} c5 {[%emt 0:00:00]} 2. Nf3 {[%emt 0:00:00]} e6 {[%emt 0:00:00]} 3. d4 {[%emt 0:00:00]} cxd4 {[%emt 0:00:00]} 4. Nxd4 {[%emt 0:00:00]} Nc6 {[%emt 0:00:00]} 5. Nc3 {[%emt 0:00:00]} Qc7 {[%emt 0:00:01]} 6. Qd3 {[%emt 0:00:00] B47: Sicilian: Taimanov: 5 Nc3 Qc7 6 f4, 6 g3 and 6 Be2} (6. Be3 a6 7. Qf3 Nf6 8. O-O-O Ne5 9. Qg3 b5 10. a3 Bb7 11. Bxb5 Rc8 12. Ba4 Nxe4 13. Nxe4 Bxe4 14. Bf4 Qc4 15. Bxe5 Qxa4 {1-0 (38) Vachier Lagrave,M (2789)-Anand,V (2776) Karlsruhe/Baden-Baden 2018}) 6... a6 {[%emt 0:02:47]} 7. Nxc6 {[%emt 0:00:29]} bxc6 {[%emt 0:00:13]} 8. Qg3 {[%emt 0:00:06]} e5 {[%emt 0:05:26]} 9. f4 {[%emt 0:02:04]} d6 {[%emt 0:00:38]} 10. Be2 $146 {[%emt 0:04:05]} ({Predecessor:} 10. fxe5 dxe5 11. Bc4 Be6 12. Bxe6 fxe6 13. Qg4 Qe7 {0-1 (60) Dube,D (1652)-Gauthier,D (1859) Montreal 2016}) 10... g6 {[%emt 0:02:45]} 11. fxe5 {[%emt 0:03:16]} dxe5 {[%emt 0:00:52]} 12. O-O {[%emt 0:00:54]} Be6 {[%emt 0:06:33]} 13. Kh1 {[%emt 0:04:24]} Bg7 {[%emt 0:00:00]} 14. Na4 {[%emt 0:10:15]} Nf6 {[%emt 0:05:41]} 15. Nc5 {[%emt 0:01:32]} Qe7 {[%emt 0:00:10]} 16. Qf2 {[%emt 0:17:56]} Ng4 {[%emt 0:06:56]} 17. Bxg4 {[%emt 0:02:05]} Bxg4 {[%emt 0:00:03]} 18. Bg5 {[%emt 0:00:21]} Qc7 {[%emt 0:01:24]} 19. h3 {[%emt 0:13:32]} Bc8 {[%emt 0:06:49]} 20. Bd8 {[%emt 0:03:34]} Kxd8 $18 {[%emt 0:01:24]} (20... Qa7 21. Bf6 Bxf6) 21. Rad1+ {[%emt 0:00:13]} Ke8 {[%emt 0:00:18]} 22. Rd7 {[%emt 0:00:08]} Bxd7 {[%emt 0:00:58]} 23. Qxf7+ {[%emt 0:00:05]} Kd8 {[%emt 0:00:04]} 24. Rd1 {[%emt 0:03:45]} Ra7 {[%emt 0:02:52]} 25. Ne6+ {[%emt 0:00:13]} Kc8 {[%emt 0:00:13]} 26. Nxc7 {[%emt 0:00:09]} Rxc7 {[%emt 0:00:07]} 27. Qxg7 {[%emt 0:00:03]} Re8 {[%emt 0:00:17]} 28. Qxh7 {[%emt 0:01:04]} g5 {[%emt 0:00:53]} 29. Qg6 {[%emt 0:01:57]} g4 {[%emt 0:00:30]} 30. h4 {[%emt 0:00:03]} Kb7 {[%emt 0:01:30]} 31. Rxd7 {[%emt 0:00:14]} 1-0

[Event "WYCC 2018 O16"]
[Site "Halkidiki"]
[Date "2018.10.22"]
[Round "4"]
[White "Baenziger, Fabian"]
[Black "Semjonovs, Ilja"]
[Result "1/2-1/2"]
[WhiteElo "2355"]
[BlackElo "2245"]
[Annotator "NA"]
[PlyCount "53"]
[EventDate "2018.10.20"]
[EventType "swiss"]
[EventCountry "GRE"]
[SourceTitle "playchess.com"]
[Source "ChessBase"]
[SourceQuality "1"]
[TimeControl "40/5400+30:1800+30"]

1. d4 {[%emt 0:00:00]} Nf6 2. Nf3 {[%emt 0:00:00]} c5 {[%emt 0:01:11]} 3. d5 {[%emt 0:00:00]} e6 {[%emt 0:00:17]} 4. Nc3 {[%emt 0:00:39]} exd5 {[%emt 0:03:32]} 5. Nxd5 {[%emt 0:00:11]} d6 {[%emt 0:03:29] A43: Schmid Benoni} (5... Nxd5 6. Qxd5 Nc6 7. Ng5 Qe7 8. c3 d6 9. Bf4 Be6 10. Qd2 d5 11. e3 h6 12. Nxe6 Qxe6 13. O-O-O O-O-O 14. Bd3 Bd6 {1-0 (53) Kramnik,V (2809)-Hou,Y (2651) Medias 2016}) 6. Bg5 {[%emt 0:06:42]} Be7 {[%emt 0:08:24]} 7. Nxe7 {[%emt 0:01:05]} Qxe7 {[%emt 0:00:06]} 8. c4 {[%emt 0:02:28]} O-O {[%emt 0:04:06]} 9. e3 {[%emt 0:03:47]} Nc6 {[%emt 0:02:22]} 10. Be2 $146 {[%emt 0:03:18]} ({Predecessor:} 10. Rc1 h6 11. Bh4 g5 12. Bg3 Rd8 13. Be2 {1-0 (32) Bernal,L (1958)-Campos,H Buenos Aires 2011}) 10... Bf5 {[%emt 0:09:37]} 11. O-O {[%emt 0:02:07]} Rfd8 {[%emt 0:11:25]} 12. Qb3 {[%emt 0:05:01]} h6 {[%emt 0:16:16]} 13. Bh4 {[%emt 0:03:39]} (13. Bxf6 $5 Qxf6 14. Qxb7 $11) 13... g5 {[%emt 0:02:00]} 14. Bg3 {[%emt 0:00:19]} d5 {[%emt 0:00:19]} 15. cxd5 {[%emt 0:03:44]} Nxd5 {[%emt 0:00:38]} 16. Rad1 {[%emt 0:04:09]} Be6 {[%emt 0:06:59]} 17. Qa4 {[%emt 0:05:40]} Nb6 {[%emt 0:09:08]} 18. Qe4 {[%emt 0:06:08]} Bxa2 {[%emt 0:02:10]} 19. Qxe7 {[%emt 0:00:06]} Nxe7 {[%emt 0:00:09]} 20. Bd6 {[%emt 0:00:04]} Ned5 {[%emt 0:03:35]} 21. Bxc5 {[%emt 0:00:17]} Bc4 {[%emt 0:00:38]} 22. Bxc4 {[%emt 0:02:30]} Nxc4 {[%emt 0:00:04]} 23. Rd4 $14 {[%emt 0:00:05]} Ndb6 {[%emt 0:01:10]} 24. b3 {[%emt 0:02:20]} Rxd4 {[%emt 0:07:35]} 25. exd4 {[%emt 0:01:36]} Na5 {[%emt 0:00:39]} 26. b4 {[%emt 0:00:42]} Nac4 {[%emt 0:00:48]} 27. Ra1 {[%emt 0:05:18]} 1/2-1/2

[Event "WYCC 2018 O16"]
[Site "Halkidiki"]
[Date "2018.10.22"]
[Round "4"]
[White "Petriashvili, Nikoloz"]
[Black "Engel, Luis"]
[Result "1-0"]
[WhiteElo "2343"]
[BlackElo "2441"]
[Annotator "TA"]
[PlyCount "127"]
[EventDate "2018.10.20"]
[EventType "swiss"]
[EventCountry "GRE"]
[SourceTitle "playchess.com"]
[Source "ChessBase"]
[SourceQuality "1"]

{[%evp 15,127,0,0,8,0,10,12,8,16,0,64,54,75,80,83,41,86,86,113,121,125,122,99,114,129,74,89,49,64,62,59,43,56,52,75,0,0,0,0,0,0,-23,92,87,83,77,156,147,156,154,480,250,250,250,250,250,250,250,250,250,251,251,251,251,251,251,252,252,406,317,924,906,810,788,693,651,1331,1141,5704,1645,12841,12841,12841,12840,12838,12839,12839,12839,12841,12841,12842,12842,12844,435,12845,12845,12845,12846,12846,12847,12847,12846,12850,12850,12850,29977,29977,29978,29980,29981,29985,29986,29986,29986]} 1. d4 Nf6 2. Nf3 d5 3. c4 e6 4. Nc3 Bb4 5. Bg5 dxc4 6. Qa4+ Nc6 7. e3 Qd5 {D39: Queen's Gambit Declined: Ragozin Defence with 5 Bg5 dxc4} (7... Bd7 8. Qc2 b5 9. a3 h6 10. Bxf6 Bxc3+ 11. Qxc3 gxf6 12. b3 cxb3 13. Bxb5 Ne7 14. Qxb3 c6 15. Bd3 {½-½ (38) Tarlev,K (2596)-Wang,H (2680) Calimanesti Caciulata 2016}) 8. Bxf6 gxf6 {LiveBook: 3 Games} 9. Nd2 Bxc3 {The position is equal.} 10. bxc3 b5 11. Qc2 Rb8 $146 ({Predecessor:} 11... Bb7 12. Rb1 Rb8 13. Rg1 Qh5 14. g4 Qxh2 15. Rg3 {0-1 (43) Granero Roca,A (2426)-Quintin Navarro,A (2264) Linares 2014}) 12. Be2 {[%cal Bf1e2,Be2f3,Bf3e4][%mdl 32]} Bb7 (12... f5 $11) 13. Bf3 $14 Qd8 14. a4 $36 {[%mdl 2048] White is on the roll.} a6 15. Ne4 Na5 16. axb5 Nb3 17. bxa6 Bxe4 18. Bxe4 Nxa1 19. Qa4+ Ke7 20. Qxa1 (20. a7 $142 f5 21. axb8=R (21. axb8=N Qxb8 22. O-O fxe4 $16) 21... Qxb8 22. O-O (22. Qxa1 fxe4 23. Qa3+ Kd8 $16)) 20... Rb5 $16 21. Bc6 {[%mdl 1024] White has strong compensation.} Rb6 22. Bb7 $1 Qd6 23. O-O Rb3 24. g3 Qa3 25. Qxa3+ ({White should try} 25. e4 $16) 25... Rxa3 {[%mdl 4096] Endgame KRR-KRB} 26. Rb1 Rxc3 27. Rb4 Kd6 28. Kg2 e5 {[#]} (28... c6 $11 {keeps the balance.}) 29. Ra4 $1 exd4 30. exd4 {aiming for a7.} Rc1 (30... Rb3 $142) 31. a7 c3 {[#] Black wants to play ...c2.} 32. Ra6+ $1 Kd7 $2 (32... Ke7 $16) 33. Bc6+ (33. Be4 $142) 33... Ke7 $18 {...c2 is the strong threat.} 34. Ra2 {Threatens to win with Be8!} c2 35. Kf3 Rd1 36. Rxc2 Ra1 37. a8=Q Rhxa8 38. Bxa8 Rxa8 39. Rxc7+ {KR-KR} Kf8 40. d5 Ra3+ 41. Ke4 Ra2 $2 (41... Ra4+ 42. Kf5 Kg7) 42. Ke3 Ra3+ $2 (42... Ra6 43. h4 Ke8) 43. Kd4 Ra2 44. d6 Ke8 45. Re7+ Kf8 46. Re3 Rxf2 47. Kc5 Rxh2 48. d7 Rc2+ 49. Kb6 Rb2+ 50. Kc7 Rc2+ 51. Kd8 Rc6 52. g4 h6 53. Re2 Rc4 54. Re8+ Kg7 {Black hopes to continue with ...f5.} 55. Ke7 Re4+ 56. Kd6 Rd4+ 57. Kc6 f5 58. gxf5 Kf6 59. d8=Q+ Rxd8 60. Rxd8 Kxf5 {White mates.} 61. Kd5 Kf4 62. Rh8 f5 63. Rxh6 Ke3 64. Rh3+ {Precision: White = 72%, Black = 40%.} 1-0

[Event "WYCC 2018 O16"]
[Site "Halkidiki"]
[Date "2018.10.22"]
[Round "4"]
[White "Olsen, Filip Boe"]
[Black "Matviishen, Viktor"]
[Result "1/2-1/2"]
[WhiteElo "2335"]
[BlackElo "2476"]
[Annotator "TA"]
[PlyCount "48"]
[EventDate "2018.10.20"]
[EventType "swiss"]
[EventCountry "GRE"]
[SourceTitle "playchess.com"]
[Source "ChessBase"]
[SourceQuality "1"]

{[%evp 17,48,20,23,19,20,25,14,22,24,15,39,34,37,37,51,20,24,26,25,15,18,0,9,13,18,-126,-111,-104,-25,-19,50,47,60]} 1. d4 Nf6 2. c4 e6 3. Nc3 Bb4 4. e3 O-O 5. Bd3 d5 6. Nf3 c5 7. cxd5 exd5 {E53: Nimzo-Indian: Rubinstein: Main Line (4...0-0 5 Nf3 d5 6 Bd3 c5 7 0-0)} 8. dxc5 Bg4 (8... Nc6 9. O-O Bg4 10. Na4 Ne4 11. a3 Bxc5 12. h3 Bxf3 13. gxf3 Qg5+ 14. Kh1 Qh4 15. fxe4 Qxh3+ {½-½ (25) So,W (2780)-Wei,Y (2729) chess.com INT 2018}) 9. O-O Nbd7 {LiveBook: 3 Games. The position is equal.} 10. Na4 Nxc5 11. Nxc5 Bxc5 12. h3 $146 ({Predecessor:} 12. b3 Ne4 13. Bb2 Qe7 14. Be2 Rac8 15. Nd4 Bxe2 16. Qxe2 {½-½ (25) Andeer,S (2476)-Stronsky,V (2429) ICCF email 2014}) 12... Bh5 13. b3 Re8 14. Bb2 Qd6 15. Be2 Rad8 16. Nd4 Bg6 17. Rc1 a6 18. Bd3 Ne4 19. Qc2 {Black should prevent Bxe4.} Bb6 $1 20. Ne2 Rd7 21. Nf4 (21. Bd4 $11 {remains equal.}) 21... Rc7 $17 22. Qd1 {[#]} Rxc1 (22... Nxf2 $1 $17 23. Rxf2 Bxe3 24. Nxg6 Qg3 25. Rxc7 Bxf2+ 26. Kf1 hxg6) 23. Bxc1 $11 Bc7 (23... Nc3 $11 24. Qc2 Bxd3 25. Qxd3 d4) 24. Bb2 $14 f6 {Precision: White = 56%, Black = 52%.} 1/2-1/2